Estadísticas para Países más cercanos a Albania - un minuto sprint

Haz click aquí para intentar la prueba.

Estadísticas generales

  • Esta prueba ha sido intentada 36 veces
  • La puntuación promedio es 16 de 20

Estadísticas de respuestas

kmpaís% Correcto
0Macedonia del Norte
100%
0Kosovo
97%
0Montenegro
97%
38Serbia
97%
76Bosnia y Herzegovina
90%
70Croacia
90%
148Bulgaria
87%
467Eslovenia
87%
0Grecia
87%
357Hungría
87%
73Italia
83%
266Rumania
83%
420Turquía
77%
587San Marino
73%
570Ciudad del Vaticano
70%
574Eslovaquia
70%
532Austria
67%
640Ucrania
63%
638Malta
50%
698Chequia
40%

Distribución de puntuación

Porcentaje por número respondido

Porcentaje de gente con cada puntuación

Historial de tus puntuaciones

No has intentado esta prueba.